Vikings 2025-2026 starters - Statistics

General Stats
  • This quiz has been taken 86 times
  • The average score is 15 of 20
Answer Stats
Hint Answer % Correct
WR1 Justin Jefferson
100%
QB1 JJ McCarthy
100%
WR2 Jordan Addison
100%
TE1 TJ Hockenson
97%
RB1 Aaron Jones
95%
QB2 Carson Wentz
95%
RB2 Jordan Mason
90%
FB1 CJ Ham
87%
WR3 Jalen Nailor
87%
FS Harrison Smith
81%
K Will Reichard
81%
LB1 Andrew Van Ginkel
76%
TE2 Josh Oliver
75%
WR4 Adam thielen
70%
CB2 Byron Murphy Jr
68%
CB1 Isaiah Rodgers
68%
LB1 Jonathan Greenard
62%
SS Joshua Metellus
48%
LB1 Eric Wilson
38%
CB3 Jeff Okudah
29%
No matching quizzes found
Score Distribution
Percent of People with Each Score
Percentile by Number Answered
Your Score History
You have not taken this quiz